000 00528nam a22001931a 4500
001 19395
003 OSt
005 20260204212451.0
008 190508s2010||||spa||||||b||||||||||spa||
020 _a9788497292375
082 _a796.01 SO684i
100 _aSolà Santesmases, Josep
245 _aInteligencia táctica deportiva:entenderla y entrenarla/Josep Solà Santesmases
264 _aBarcelona,España:Editorial INDE
300 _a195 Páginas
500 _aIncluye índice
650 _aDeporteÌ
942 _2ddc
_cBK
999 _c19395
_d19395